| 000 | 01166cam a22003495a 4500 | ||
|---|---|---|---|
| 001 | 14957883 | ||
| 003 | EG-ScBUE | ||
| 005 | 20220426121854.0 | ||
| 008 | 070808r20082004enk f bd 001 0 eng d | ||
| 020 | _a9780826494818 (pbk.) | ||
| 020 | _a0826494811 | ||
| 020 | _a0826494803 | ||
| 040 |
_aUKM _beng _erda _cUKM _dBAKER _dBWKUK _dYDXCP _dBTCTA _dNLGGC _dDLC _dEG-ScBUE |
||
| 082 | 0 | 4 |
_a410.285 _bTEU _222 |
| 100 | 1 |
_aTeubert, Wolfgang, _eauthor. _95155 |
|
| 245 | 1 | 0 |
_aCorpus linguistics : _ba short introduction / _cWolfgang Teubert and Anna Cermakova. |
| 250 | _aReprinted edition. | ||
| 264 | 1 |
_aLondon : _bContinuum, _c2008. |
|
| 300 |
_avi, 153 pages ; _c22 cm |
||
| 336 |
_2rdacontent _atext _btxt |
||
| 337 |
_2rdamedia _aunmediated _bn |
||
| 338 |
_2rdacarrier _avolume _bnc |
||
| 500 | _aIncludes glossary. | ||
| 504 | _aIncludes bibliographical references. | ||
| 650 | 7 |
_aLinguistic analysis (Linguistics) _2BUEsh _93522 |
|
| 650 | 7 |
_aComputational linguistics. _2BUEsh _94459 |
|
| 651 | _2BUEsh | ||
| 653 |
_bHHUUEENN _cSeptember2016 _cSeptember2018 |
||
| 655 |
_vReading book _934232 |
||
| 700 | 1 |
_aCermakova, Anna, _eauthor. _95159 |
|
| 942 |
_2ddc _cBB |
||
| 999 |
_c11621 _d11621 |
||